00743cam a2200205 i 4500020003700000020004200037082001700079100002300096245006800119250001100187260007700198300002700275500002000302650001800322650004100340700002200381942000700403999001300410952011400423 a0198555113 (Oxford University) : a0198555121 (Oxford University pbk.) :00a541.3024 PRI1 aPrice, Nicholas C.10aPrinciples and problems in physical chemistry for biochemists / a2d ed. aOxford :bClarendon Press ;aNew York :bOxford University Press,c1979. axiii, 258 p. :bill. ; aIncludes index. 0aBiochemistry. 0aChemistry, Physical and theoretical.1 aDwek, Raymond A., cBK c554d554 0010708NFICaICbICcGENd2015-05-12g1170.00l0o541.3024 PRIp000018r2022-11-17 00:00:00w2015-05-12yBK